<?xml version="1.0" encoding="UTF-8"?><?xml-stylesheet type="text/xsl" href="static/style.xsl"?><OAI-PMH xmlns="http://www.openarchives.org/OAI/2.0/" xmlns:xsi="http://www.w3.org/2001/XMLSchema-instance" xsi:schemaLocation="http://www.openarchives.org/OAI/2.0/ http://www.openarchives.org/OAI/2.0/OAI-PMH.xsd"><responseDate>2026-06-01T15:40:57Z</responseDate><request verb="GetRecord" identifier="oai:riuma.uma.es:10630/3217" metadataPrefix="marc">https://riuma.uma.es/rest/oai/request</request><GetRecord><record><header><identifier>oai:riuma.uma.es:10630/3217</identifier><datestamp>2026-02-03T12:48:58Z</datestamp><setSpec>com_10630_27</setSpec><setSpec>com_10630_3139</setSpec><setSpec>com_10630_10</setSpec><setSpec>col_10630_561</setSpec></header><metadata><record xmlns="http://www.loc.gov/MARC21/slim" xmlns:dcterms="http://purl.org/dc/terms/" xmlns:doc="http://www.lyncode.com/xoai" xmlns:xsi="http://www.w3.org/2001/XMLSchema-instance" xsi:schemaLocation="http://www.loc.gov/MARC21/slim http://www.loc.gov/standards/marcxml/schema/MARC21slim.xsd">
   <leader>00925njm 22002777a 4500</leader>
   <datafield ind2=" " ind1=" " tag="042">
      <subfield code="a">dc</subfield>
   </datafield>
   <datafield ind2=" " ind1=" " tag="720">
      <subfield code="a">Egea, José María</subfield>
      <subfield code="e">author</subfield>
   </datafield>
   <datafield ind2=" " ind1=" " tag="720">
      <subfield code="a">Alonso, F. Luis</subfield>
      <subfield code="e">author</subfield>
   </datafield>
   <datafield ind2=" " ind1=" " tag="720">
      <subfield code="a">Moreno Egea, Pedro Pablo</subfield>
      <subfield code="e">author</subfield>
   </datafield>
   <datafield ind2=" " ind1=" " tag="260">
      <subfield code="c">1989</subfield>
   </datafield>
   <datafield ind2=" " ind1=" " tag="520">
      <subfield code="a">Se aportan los primeros resultados del estudio que, sobre flora liquénica calcícola, se está llevando a cabo en el litoral mediterráneo del sureste español.Se citan 120 táxones recolectados en 14 localidades del litoral alicantino. Entre los hallazgos de mayor interés destacamos: Arthonia oligospora, Caloplaca tenuatula, Collemopsis schaereri, Dirina inmersa, Gonohymenia nigritella, Gonohymenia nummularia, Lempholemma elveloideum, Peltula obscuratula, Porina acrocordioides, Psorotichia frustulosa, Psorotichia ocellata, Thyrea plectospora y Verrucaria limborioides.</subfield>
   </datafield>
   <datafield ind2=" " ind1=" " tag="520">
      <subfield code="a">The lichen flora of calcareous rock in the coastal area from Alicante (Spain).First results on the research about lichens flora on calcareous rock in mediterranean seashore from southeastern Spain are commented. 120 taxa, collected in 14 localities from the coastal area of Alicante are listed. The most interesting species are those listed in Spanish summary.</subfield>
   </datafield>
   <datafield ind1="8" ind2=" " tag="024">
      <subfield code="a">Acta Botánica Malacitana, Nº 14&#xd;
, 1989, Págs. 59&#xd;
-71</subfield>
   </datafield>
   <datafield ind1="8" ind2=" " tag="024">
      <subfield code="a">02109506</subfield>
   </datafield>
   <datafield ind1="8" ind2=" " tag="024">
      <subfield code="a">http://hdl.handle.net/10630/3217</subfield>
   </datafield>
   <datafield ind2="0" ind1="0" tag="245">
      <subfield code="a">Flora liquénica, calcícola del litoral de la provincia de Alicante</subfield>
   </datafield>
</record>
</metadata></record></GetRecord></OAI-PMH>